| 000 | 00540nam a2200169 i 4500 | ||
|---|---|---|---|
| 001 | 38000 | ||
| 003 | ES-MaACL | ||
| 005 | 20230906155658.0 | ||
| 007 | t| | ||
| 008 | 030224s1972 sp ||||1| spa d | ||
| 110 | 2 |
_aCaja de Ahorros Municipal de San Sebastián. _92300 |
|
| 245 | 1 | 0 | _aMemoria. |
| 260 |
_a[S.l. : _bs.n., _c1972] ( _eUsúrbil (Guipuzcoa) : _fImp. Santiago Valverde) |
||
| 300 |
_a41 h. : _bil. ; _c24 cm. |
||
| 610 | 2 | 4 |
_aCaja de Ahorros Municipal de San Sebastián- _vMemorias. _9159090 |
| 852 |
_aES-MaACL _jC-44039 _bR.83022 |
||
| 999 |
_c38000 _d38000 |
||